Central Library OPAC University of Rajshahi

The calculus of variations in the large / (Record no. 7121)

MARC details
000 -LEADER
fixed length control field 00930nam a2200253 a 4500
001 - CONTROL NUMBER
control field 7121
003 - CONTROL NUMBER IDENTIFIER
rucl marc code BD-RjUL
005 - DATE AND TIME OF LATEST TRANSACTION
control field 20211208234352.0
008 - FIXED-LENGTH DATA ELEMENTS--GENERAL INFORMATION
fixed length control field 140113s1934 nyu b 001 0 eng
035 ## - SYSTEM CONTROL NUMBER
System control number (BD-RjUL)7163
040 ## - CATALOGING SOURCE
Original cataloging agency DLC
Transcribing agency OSW
Modifying agency OCoLC
-- MH-CS
-- OCoLC
-- OYU
-- IU
-- DLC
-- BD-RjUL
Language of cataloging eng
041 ## - LANGUAGE CODE
Language code of text/sound track or separate title eng
082 ## - DEWEY DECIMAL CLASSIFICATION NUMBER
Classification number 515.64
Author mark and year MOC 1960
Edition number 23
100 1# - MAIN ENTRY--PERSONAL NAME
Personal name Morse, Marston,
Dates associated with a name 1892-1977.
9 (RLIN) 22295
245 14 - TITLE STATEMENT
Title The calculus of variations in the large /
Statement of responsibility, etc. Marston Morse.
260 ## - PUBLICATION, DISTRIBUTION, ETC. (IMPRINT)
Place of publication, distribution, etc. New York :
Name of publisher, distributor, etc. The American mathematical society,
Date of publication, distribution, etc. 1960.
300 ## - PHYSICAL DESCRIPTION
Pagination ix, 368 p. ;
Size 25 cm.
490 0# - SERIES STATEMENT
Series statement American Mathematical Society. Colloquium publications. Vol. xviii
500 ## - GENERAL NOTE
General note "The research of the writer has been oriented by a conception of what might be termed macro-analysis."--Foreword.
504 ## - BIBLIOGRAPHY, ETC. NOTE
Bibliography, etc Bibliography: p. [359]-366. and index.
650 #0 - SUBJECT ADDED ENTRY--TOPICAL TERM
Topical term or geographic name as entry element Calculus of variations.
9 (RLIN) 7162
942 ## - ADDED ENTRY ELEMENTS (KOHA)
Source of classification or shelving scheme Dewey Decimal Classification
Koha item type Books
Holdings
Lost status Source of classification or shelving scheme Damaged status Not for loan Collection code Permanent Location Current Location Date acquired Source of acquisition Cost, normal purchase price Total Checkouts Full call number Date last seen Copy number Koha item type
  Dewey Decimal Classification   Not For Loan Non-fiction Central Library, University of Rajshahi Central Library, University of Rajshahi 30/10/1962 Zeitlinger 42.00   515.64 MOC 1960 13/01/2014 C-2 Books